000 02201nam a22005417a 4500
005 20250924145950.0
008 150311b2000 xxu||||| |||| 00| 0 spa d
020 _a8487922244
041 _aESP
082 _a617.6 B298o
100 _aBascones Martinez, Antonio
_925677
245 _aTratado de odontología
250 _a3 edición
260 _aEspaña
260 _bEdiciones Avances Médico-Dentales
260 _c2000
300 _a4 tomos
300 _bIlustraciones a color
490 _aMecánica Dental
505 _aTomo I: Anatomía humana. Biología celular. Fisiología. Bioquímica. Microbiología oral. Epidemiología. Diagnóstico por imagen. Odontología. Farmacología. Anatomía patológica. Patoogía Médica.
505 _aTomo II: Patología quirúrgica. Dermatología y venereología. Otorrinolaringología. Pediatría. Anestesia y reanimación. Materiales odontológicos. Odontopediatría. Ortodoncia. Odontología preventica.
505 _aTomo III: Fisiopatología de la oclusión. Patología y terapéutica dental. Endodoncia. Radiología. Medicina bucal. Odontología en pacientes especiales. Periodoncia.
505 _aTomo IV: Odontogeriatría. Cirugía bucal e implantología. Cirugía maxilofacial. Prótesis estomatológica. Farmacología aplicada. Gestión, organización y marketing. Odontología legal y forense. Investigación clínica. Aspectos jurídicos
650 _aODONTOLOGÍA
650 _aANATOMÍA HUMANA
650 _aFISOLOGÍA
650 _aMICROBIOLOGÍA ORAL
650 _aPATOLOGÍA QUIRÚRGICA
650 _aMATERIALES ODONTOLÓGICOS
650 _aODONTOPEDIATRÍA
650 _aORTODONCIA
650 _aODONTOLOGÍA PREVENTIVA
650 _aOCLUSIÓN
650 _aPATOLOGÍA DENTAL
650 _aENDODONCIA
650 _aRADIOLOGÍA DENTAL
650 _aMEDICINA BUCAL
650 _aPERIODONCIA
650 _aODONTOGERIATRÍA
650 _aCIRUGÍA BUCAL
650 _aIMPLANTOLOGÍA
650 _aCIRUGÍA MAXILOFACIAL
650 _aPRÓTESIS ESTOMATOLÓGICA
650 _aFARMACOLOGÍA
650 _aODONTOLOGÍA LEGAL
650 _aODONTOLOGÍA FORENSE
942 _cBK
_2ddc
999 _c9908
_d9908